000 00426nam a22001457a 4500
005 20240214100040.0
008 240212b |||||||| |||| 00| 0 eng d
041 _aAfrikaans
082 _a349 TYD
245 _aTydskrif vir Hedendaagse Romeins-Hollandse Reg
260 _aDurban :
_bButterworth,
_c1988
300 _b134 pages ;
_c25 cm.
650 _aLegal practice
_bLaw
942 _cBK
_6ALISON_BN_VRIES
999 _c1340
_d1340